| 000 | 00450nam a2200157 i 4500 | ||
|---|---|---|---|
| 001 | 70036 | ||
| 003 | ES-MaACL | ||
| 005 | 20230906170710.0 | ||
| 007 | t| | ||
| 008 | 040715s1972 sp ||||1| spa d | ||
| 100 | 1 |
_aGarcía Miñor, Antonio. _954954 |
|
| 245 | 1 | 3 |
_aLa aldea despoblada _b: (novela) / _cAntonio García Miñor. |
| 260 |
_aOviedo : _b[s.n., _c1972] ( _f"La Cruz") |
||
| 300 |
_a342 p. ; _c21 cm. |
||
| 852 |
_aES-MaACL _jC-48863 _bR.83340 |
||
| 999 |
_c70036 _d70036 |
||